To the colors! : the way of life of an army officer
Αποθηκεύτηκε σε:
| Κύριος συγγραφέας: | |
|---|---|
| Άλλοι συγγραφείς: | |
| Μορφή: | Βιβλίο |
| Γλώσσα: | English |
| Δημοσίευση: |
[Χ.τ.] :
[Row-Peterson],
[1942]
|
| Σειρά: | The way of life series
|
| Θέματα: | |
| Ετικέτες: |
Προσθήκη ετικέτας
Δεν υπάρχουν, Καταχωρήστε ετικέτα πρώτοι!
|
MARC
| LEADER | 00000cam a2200000 i 4500 | ||
|---|---|---|---|
| 001 | 1/90899 | ||
| 008 | 080711s1942 eng d | ||
| 035 | |l 10098901 | ||
| 040 | |a GR-MY-UA |b gre |e aacr | ||
| 041 | 0 | |a eng | |
| 082 | 0 | |a 355.00973 |2 (22) | |
| 100 | 1 | |a Dupuy, R. Ernest |q (Richard Ernest), |d 1887-1975. | |
| 245 | 1 | 0 | |a To the colors! : |b the way of life of an army officer / |c by R. Ernest Dupuy and Trevor N. Dupuy |
| 260 | |a [Χ.τ.] : |b [Row-Peterson], |c [1942] | ||
| 300 | |a 62 σ.; |b εικ., φωτ., σχέδια; |c 23 εκ. | ||
| 490 | 1 | |a (The way of life series) | |
| 610 | 1 | 0 | |a United States. |b Army |x Handbooks, manuals, etc. |
| 650 | 0 | |a Military art and science |x Juvenile literature. | |
| 700 | 1 | |a Dupuy, Trevor N. |q (Trevor Nevitt), |d 1916-1995. | |
| 830 | 0 | |a The way of life series | |
| 852 | |a INST |b RHODES |c AKA |e 20080711 |h 355.00973 DUP |p 005400027754 |q 005400027754 |t BK |y 0 | ||
| 901 | |a BIBL4-2008-2 | ||
| 970 | |a ΧΑΡΙΟΠΟΛΙΤΟΥ |b ΚΩΝΣΤΑΝΤΙΝΑ |z 2008/07/11 | ||